A treatise on hydromechanics, (Record no. 544353)

000 -LEADER
fixed length control field 00569cam a22001571 4500
082 ## - DEWEY DECIMAL CLASSIFICATION NUMBER
Classification number 532
Author Mark RAM
-- L-5,P-11
100 1# - MAIN ENTRY--PERSONAL NAME
Personal name Ramsey, A.S
9 (RLIN) 39971
245 02 - TITLE STATEMENT
Title A treatise on hydromechanics,
Statement of responsibility, etc. by W. H. Besant and A. S. Ramsey.
260 ## - PUBLICATION, DISTRIBUTION, ETC.
Place of publication, distribution, etc. London,
Name of publisher, distributor, etc. G. Bell,
Date of publication, distribution, etc. 1934-1935.
300 ## - PHYSICAL DESCRIPTION
Extent 2 v.
Other physical details diagrs.
Dimensions 22 cm.
505 0# - FORMATTED CONTENTS NOTE
Formatted contents note pt. 1. Hydrostatics, by W. H. Besant and A. S. Ramsey. Rev. ed. pt. 2. Hydrodynamics, by A. S. Ramsey. 4th ed.
526 ## - STUDY PROGRAM INFORMATION NOTE
Program name 0
Interest level 0
Reading level 0
Title point value 532_000000000000000_RAM
650 #0 - SUBJECT ADDED ENTRY--TOPICAL TERM
Topical term or geographic name entry element Fluid mechanics.
9 (RLIN) 1678
700 1# - ADDED ENTRY--PERSONAL NAME
Personal name Ramsey, A. S.
9 (RLIN) 39972
942 ## - ADDED ENTRY ELEMENTS (KOHA)
Source of classification or shelving scheme
Koha item type Book
Holdings
Withdrawn status Lost status Source of classification or shelving scheme Damaged status Not for loan Permanent Location Current Location Date acquired Total Checkouts Full call number Barcode Date last seen Price effective from Koha item type
          Military College of Engineering (MCE) Military College of Engineering (MCE) 04/17/2014   532 RAM MCE-29379 04/17/2014 04/17/2014 Book
© 2023 Central Library, National University of Sciences and Technology. All Rights Reserved.